00604nam a2200157 a 4500008004100000050001800041100002300059245001400082246004500096260003100141300002200172350000900194995009200203999001700295952013400312120416s1977 ||||||||||||||||| || u aHT 169.G7 Osb aOsborn, Frederic J10aNew towns atheir origins, achievements and progress aLondonbLeonard Hillc1977 axvii, 505p. : ill a0.00 D0.00FCBU-MAIN LIBRARY (Kitwe)H1I0.00UAVAILABLEZMain Library Open Access Collection c52205d52205 00102lcc4070a001b001cMain Library Open Access Collectiond2022-11-30l0oHT 169.G7 Osbp009460r2022-11-30w2022-11-30y002